Presidents In order by Last Name - Statistics

General Stats
  • This quiz has been taken 38 times
  • The average score is 13 of 15
Answer Stats
President Namer Number % Correct
George Washington 1
100%
John Adams 2
100%
Thomas Jefferson 3
100%
Donald Trump 45
94%
James Madison 5
94%
Andrew Jackson 7
94%
Millard Filllmore 13
85%
Calvin Coolidge 30
85%
Harry S Truman 33
85%
Dwight D Eisenhower 34
85%
Jimmy Carter 39
85%
Bill Clinton 42
85%
Barack Obama 44
85%
Richard Nixon 37
82%
Gerald Ford 38
82%
No matching quizzes found
Score Distribution
Percent of People with Each Score
Percentile by Number Answered
Your Score History
You have not taken this quiz